Rituals and Sacraments in Indian Religions (Record no. 3084)

MARC details
000 -LEADER
fixed length control field 00625nam a2200253 a 4500
020 ## - INTERNATIONAL STANDARD BOOK NUMBER
ISBN
082 00 - DEWEY DECIMAL CLASSIFICATION NUMBER
Classification number 294.53
Author Cutter MCM
100 ## - MAIN ENTRY--AUTHOR NAME
Author name Mcmullen, Clarence O
245 ## - TITLE STATEMENT
Title Rituals and Sacraments in Indian Religions
260 ## - PUBLICATION, DISTRIBUTION, ETC. (IMPRINT)
Place of publication Delhi
Name of publisher ISPCK
Year of publication 1979
300 ## - PHYSICAL DESCRIPTION
Number of Pages 141p
500 ## - GENERAL NOTE
General note includes index and biblioraphy
505 2# - FORMATTED CONTENTS NOTE
Formatted contents note bibliography
650 ## - SUBJECT ADDED ENTRY--TOPICAL TERM
Topical Term Hinduism-Rituals
650 ## - SUBJECT ADDED ENTRY--TOPICAL TERM
Topical Term India-Religion
942 ## - ADDED ENTRY ELEMENTS (KOHA)
Koha item type Books
700 1# -
-- Mcmullen, Clarence O
Holdings
Home library Current library Date acquired Cost, normal purchase price Full call number Accession Number Koha item type
Henry Martyn Institute Library Henry Martyn Institute Library 07/23/2007 20.00 294.53 MCM 09577 E-Books
                   Copyright © 2026 | Henry Martyn Institute | Hyderabad | TS-500052 | INDIA | Implemented by hmi.edu.in
Hit-Count:

Powered by Koha